| 000 | 00588nam a2200133Ia 4500 | ||
|---|---|---|---|
| 008 | 171212s9999 xx 000 0 und d | ||
| 020 | _a9781760460624 | ||
| 100 | _aPisch, Anita | ||
| 245 |
_cPisch, Anita _aThe personality cult of Stalin in Soviet posters, 1929–1953 _bArchetypes, inventions and fabrications |
||
| 260 |
_bANU E Press _c2016 |
||
| 650 | _aArt & Art History | ||
| 650 | _aStalin, Joseph, 1879-1953 -- Symbolism; Political posters, Russian; Symbolism in politics -- Soviet Union; Symbolism in mass media; Symbolism in art | ||
| 856 | _uhttp://jstor.org/stable/j.ctt1q1crzp | ||
| 999 |
_c351380 _d351380 |
||